Công nghệ công nghịêp 11
Nôi dung giới thiệu vẽ kỹ thuật cơ sở, vẽ kỹ thuật ứng dụng. Vật liệu cơ khí và công nghệ chế tạo phôi, công nghệ cát gọt kim loại và tự động hoá trong chế tạo cơ khi. Động cơ đốt trong...
Wedi'i Gadw mewn:
| Prif Awdur: | |
|---|---|
| Fformat: | Llyfr |
| Iaith: | Undetermined |
| Cyhoeddwyd: |
Hà Nội
Giáo dục
2007
|
| Pynciau: | |
| Tagiau: |
Ychwanegu Tag
Dim Tagiau, Byddwch y cyntaf i dagio'r cofnod hwn!
|
| Thư viện lưu trữ: | Trung tâm Học liệu Trường Đại học Cần Thơ |
|---|
| LEADER | 00930nam a2200217Ia 4500 | ||
|---|---|---|---|
| 001 | CTU_158783 | ||
| 008 | 210402s9999 xx 000 0 und d | ||
| 020 | |c 5100 | ||
| 082 | |a 620.712 | ||
| 082 | |b Kh452 | ||
| 100 | |a Nguyễn, Văn Khôi | ||
| 245 | 0 | |a Công nghệ công nghịêp 11 | |
| 245 | 0 | |c Nguyễn Văn Khôi ( chủ biên ) ... [ et al. ] | |
| 260 | |a Hà Nội | ||
| 260 | |b Giáo dục | ||
| 260 | |c 2007 | ||
| 520 | |a Nôi dung giới thiệu vẽ kỹ thuật cơ sở, vẽ kỹ thuật ứng dụng. Vật liệu cơ khí và công nghệ chế tạo phôi, công nghệ cát gọt kim loại và tự động hoá trong chế tạo cơ khi. Động cơ đốt trong... | ||
| 650 | |a Technology,Công nghệ | ||
| 650 | |x Teacher's book,Sách giáo viên | ||
| 904 | |i QHieu | ||
| 980 | |a Trung tâm Học liệu Trường Đại học Cần Thơ | ||